Statistics for Largest Landlocked Countries By Population And Area

Click here to take the quiz!

General Stats

  • This quiz has been taken 4 times
  • The average score is 11 of 20

Answer Stats

CountryPopulation% Correct
Kazakhstan2,724,900
100%
Kazakhstan19,610,769
100%
Bolivia1,098,581
67%
Chad1,284,000
67%
Ethiopia1,104,300
67%
Ethiopia113,656,596
67%
Mongolia1,566,500
67%
Nepal30,666,598
67%
Niger24,484,587
67%
Niger1,267,000
67%
Afghanistan33,369,945
33%
Afghanistan652,230
33%
Burkina Faso21,935,389
33%
Malawi19,644,100
33%
Mali20,091,635
33%
Mali1,240,192
33%
South Sudan644,329
33%
Uganda45,853,778
33%
Uzbekistan36,001,262
33%
Zambia752,612
33%

Score Distribution

Percentile by Number Answered

Percent of People with Each Score

Your Score History

You have not taken this quiz